000 00552nam a22002177a 4500
003 UA-OsUOA
001 38989
007 ta
008 20060602b un ||||| |||| 00| 0 ukr d
100 _aТокар Володимир
090 _a74
_bТ11
942 _cSA
040 _aUA-OsUOA
_bukr
_cUA-OsUOA
_dUA-OsUOA
245 _aУ бій вступають "трудові резерви"
300 _a1 с.
955 _a0
041 _aukr
080 _a74
773 0 _w38988
650 7 _a7 Мистецтво. Ігри. Спорт.
_2UDC
999 _c325111
_d325111